EMERGING TRENDS IN PHYTOPHARMACEUTICALS (Record no. 6046)

MARC details
000 -LEADER
fixed length control field 00435nam a22001577a 4500
005 - DATE AND TIME OF LATEST TRANSACTION
control field 20210827131342.0
008 - FIXED-LENGTH DATA ELEMENTS--GENERAL INFORMATION
fixed length control field 200225b xxu||||| |||| 00| 0 eng d
020 ## - INTERNATIONAL STANDARD BOOK NUMBER
ISBN 978-81-239-2619-3
041 ## - LANGUAGE CODE
Language code of text/sound track or separate title eng
100 ## - MAIN ENTRY--AUTHOR NAME
Personal name INGLE-JADHAV, PRIYANKA AND JADHAV, MANOJ. KRSHISAGAR, NILIMA
245 ## - TITLE STATEMENT
Title EMERGING TRENDS IN PHYTOPHARMACEUTICALS
260 ## - PUBLICATION, DISTRIBUTION, ETC. (IMPRINT)
Place of publication NEW DELHI
Name of publisher CBS
300 ## - PHYSICAL DESCRIPTION
Number of Pages 186p,
650 ## - SUBJECT ADDED ENTRY--TOPICAL TERM
Topical Term PHARMACY
942 ## - ADDED ENTRY ELEMENTS (KOHA)
Koha item type Books
Holdings
Lost status Damaged status Collection code Home library Current library Shelving location Date acquired Source of acquisition Cost, normal purchase price Accession Number Koha item type
    PHARMACY JRU Library JRU Library Shelf - 25- D 25/02/2020 PURCHESS 395.00 23710 Books
    PHARMACY JRU Library JRU Library Shelf - 25- D 25/02/2020 PURCHESS 395.00 23711 Books